[Event "GER-ch U10"]
[Site "Oberhof"]
[Date "2013.05.19"]
[Round "1"]
[White "Koll, Linus"]
[Black "Richter, Merlin"]
[Result "0-1"]
[WhiteElo "1208"]
[BlackElo "791"]
[PlyCount "74"]
[EventDate "2013.05.19"]
[EventType "swiss"]
[EventRounds "11"]
[EventCountry "GER"]
[SourceTitle "CBM 154 Extra"]
[Source "ChessBase"]
[SourceDate "2013.06.25"]
[SourceVersion "2"]
[SourceVersionDate "2013.06.25"]
[SourceQuality "1"]

1. e4 e5 2. Bc4 Nf6 3. Nc3 Nxe4 4. Nxe4 d5 5. Qh5 dxc4 6. Qxe5+ Qe7 7. Qxe7+ Bxe7 8. d3 cxd3 9. cxd3 Bg4 10. Bf4 Bb4+ 11. Nc3 c5 12. a3 Ba5 13. f3 Bf5 14. 0-0-0 0-0 15. Bd6 Rd8 16. Nd5 Nc6 17. Ne7+ Nxe7 18. Bxe7 Rxd3 19. g4 Bg6 20. b4 cxb4 21. axb4 Rc8+ 22. Bc5 Bxb4 23. Rxd3 Rxc5+ 24. Kb2 Bxd3 25. Nh3 a5 26. Rd1 Rc3 27. Nf4 a4 28. Nxd3 a3+ 29. Ka2 Rc2+ 30. Kb1 Rc4 31. Nxb4 Rxb4+ 32. Ka2 g6 33. Kxa3 Rf4 34. Rd3 Kg7 35. h4 h5 36. gxh5 gxh5 37. Rd7 Rxf3+ 0-1